000 01430aam a2200373 i 4500
999 _c69083
_d69083
001 69083
003 Mx-PuUPA
005 20240410104310.0
008 200907s2013 sp a|||fr|||| 001 0 spa d
020 _a9788415552499
040 _aMx-PuUPA
_bspa
_cMx-PuUPA
_dMx-PuUPA
_erda
041 0 _aspa
100 1 _910872
_aKlug, William S.,
_d1941-
_eautor
240 1 0 _aConcepts of genetics.
_lEspañol
245 1 0 _aConceptos de genética /
_cWilliam S. Klug, Michael R. Cummings, Charlotte A. Spencer, Michael A. Palladino ; traducción, Vuelapluma
250 _aDécima edición
264 4 _aMadrid, España :
_bPearson Educación,
_c2013
300 _axxxvii, 949 páginas :
_bilustraciones ;
_c27 cm
336 _2rdacontent
_atexto
_btxt
337 _2rdamedia
_asin medio
_bn
338 _2rdacarrier
_avolumen
_bnc
650 4 _aGenética
650 4 _aGenética humana
650 4 _aGenética
_vManuales
700 1 _aCummings, Michael R.,
_eautor
700 1 _aSpencer, Charlotte A.,
_eautor
700 1 _aPalladino, Michael A.,
_eautor
710 2 _aVuelapluma,
_etraductor
765 0 8 _aKlug, William S., 1941-
_tConcepts of genetics.
_b10th edition
_d[Lugar de publicación no identificado] : Pearson Education, ©2012
942 _2ddc
_cLI
_h611.01816
_iK666